| 000 | 01200cam a2200217 4500 | ||
|---|---|---|---|
| 001 | WB@3612-543 | ||
| 008 | 040823n2004 000 0 eng u | ||
| 035 | _a(Sirsi) u127128 | ||
| 245 | _aRICS victory | ||
| 260 | _c2004 | ||
| 490 |
_aRICS News Service _v20 August 2004 (1) |
||
| 520 | _aAs a result of the RICS' lobbying, the Financial Services Authority proposes to change its rules on clients' money holding for property managers under the forthcoming regulatory regime for general insurance. The consultation has been brought about due to RICS pointing out that the FSA'proposals actually conflicted with property legislation and would be unworkable for property managers. RICS will be contributing to the consultation. For further details and background information see: http://www.fsa.gov.uk/ and http://www.rics.org/fsa/. http://www.rics.org/ricscms/bin/show?class=News&te mplate=/includes/shownews.html&id=9723&faculty=RIC S | ||
| 590 | _aWB | ||
| 590 | _aWB | ||
| 650 | _aFINANCIAL SERVICES AUTHORITY REGULATIONS | ||
| 650 |
_aProperty management _96262 |
||
| 650 | _aPROFESSIONAL BODIES | ||
| 650 | _aGENERAL INSURANCE REGULATIONS | ||
| 690 |
_aINSURANCE _96249 |
||
| 942 | _n0 | ||
| 999 |
_c117880 _d117880 |
||